Country focus (Record no. 83694)

MARC details
000 -LEADER
fixed length control field 00937cab a22002655a 4500
001 - CONTROL NUMBER
control field L154641
008 - FIXED-LENGTH DATA ELEMENTS--GENERAL INFORMATION
fixed length control field 120109e20120106xxkdo f s 000 0 eng d
035 ## - SYSTEM CONTROL NUMBER
System control number (Sirsi) u154641
041 0# - LANGUAGE CODE
Language code of text/sound track or separate title eng
100 1# - MAIN ENTRY--PERSONAL NAME
Personal name Trajkovic, Sasa
245 00 - TITLE STATEMENT
Title Country focus
Remainder of title the Balkans
260 ## - PUBLICATION, DISTRIBUTION, ETC.
Date of publication, distribution, etc. 2012
490 #0 - SERIES STATEMENT
Series statement Building
Volume/sequential designation 277 (8709) 6 January 2012, 50-52(3)
520 ## - SUMMARY, ETC.
Summary, etc. Serbia, Croatia, Montenegro, Bosnia and Herzegovina, and Macedonia were hit hard by the 2009 global recession and now the EU debt crisis is threatening their recovery. Economic overview, the real estate market in Serbia and Croatia, investment, construction industry, and labour.
590 ## - LOCAL NOTE (RLIN)
Local note KA
651 #4 - SUBJECT ADDED ENTRY--GEOGRAPHIC NAME
Geographic name Serbia
651 #4 - SUBJECT ADDED ENTRY--GEOGRAPHIC NAME
Geographic name Croatia
651 #4 - SUBJECT ADDED ENTRY--GEOGRAPHIC NAME
Geographic name Montenegro
651 #4 - SUBJECT ADDED ENTRY--GEOGRAPHIC NAME
Geographic name Bosnia and Herzegovina
651 #4 - SUBJECT ADDED ENTRY--GEOGRAPHIC NAME
Geographic name Macedonia
651 #4 - SUBJECT ADDED ENTRY--GEOGRAPHIC NAME
Geographic name Europe
690 ## - LOCAL SUBJECT ADDED ENTRY--TOPICAL TERM (OCLC, RLIN)
Topical term or geographic name as entry element BUILT ENVIRONMENT-CONSTRUCTION MARKET
690 ## - LOCAL SUBJECT ADDED ENTRY--TOPICAL TERM (OCLC, RLIN)
Topical term or geographic name as entry element BUILT ENVIRONMENT-BUILDING COSTS
942 ## - ADDED ENTRY ELEMENTS (KOHA)
Suppress in OPAC 0
Holdings
Withdrawn status Lost status Source of classification or shelving scheme Damaged status Not for loan Home library Current library Shelving location Date acquired Total Checkouts Full call number Barcode Date last seen Copy number Price effective from Koha item type
    Dewey Decimal Classification     London London Journal article 09/01/2012   L154641 154641-1001 06/08/2019 1 06/08/2019 Journal article